000 00492nam a22001697a 4500
005 20230118113529.0
008 200208b xxu||||| |||| 00| 0 eng d
020 _a978-93-81238-18-9
041 _aeng
110 _aGOVERNMENT OF INDIA MINISTRY OF HEALTH & FAMALY WELFARE
_95115
245 _aINDIAN PHARMACOPOEIA 2018 (VOL-IV )
250 _a8th Ed.
260 _aGHAZIABAD
_bTHE INDIAN PHARMACOPOEIA
_c2018
300 _a4144 TO 4385
650 _aPHARMACY
_xD.PHARMA
_97090
942 _cBK
999 _c6023
_d6021